
Library Catalogue

| 000 -LEADER | |
|---|---|
| fixed length control field | 01368nam a2200205Ia 4500 |
| 003 - CONTROL NUMBER IDENTIFIER | |
| control field | OSt |
| 005 - DATE AND TIME OF LATEST TRANSACTION | |
| control field | 20260428065207.0 |
| 008 - FIXED-LENGTH DATA ELEMENTS--GENERAL INFORMATION | |
| fixed length control field | 160316s2000 xxu||||| |||| 00| 0 eng d |
| 020 ## - INTERNATIONAL STANDARD BOOK NUMBER | |
| International Standard Book Number | 9780674006713 |
| 040 ## - CATALOGING SOURCE | |
| Transcribing agency | . |
| 082 ## - DEWEY DECIMAL CLASSIFICATION NUMBER | |
| Classification number | 325.32 HAR |
| 100 ## - MAIN ENTRY--PERSONAL NAME | |
| Personal name | Hardt Michael |
| 245 ## - TITLE STATEMENT | |
| Title | Empire/ |
| Remainder of title | Michael Hardt |
| 260 ## - PUBLICATION, DISTRIBUTION, ETC. | |
| Place of publication, distribution, etc. | Cambridge : |
| Name of publisher, distributor, etc. | Harvard University Press, |
| Date of publication, distribution, etc. | 2000, |
| 300 ## - PHYSICAL DESCRIPTION | |
| Extent | 478p |
| Dimensions | xi |
| 365 ## - TRADE PRICE | |
| Price amount | Rs.977 |
| 505 ## - Contents | |
| Contents | CONTENTS;<br/>Preface<br/>PART 1. The Political Constitution of the Present;<br/>1.1 World Order;<br/>1.2 Biopolitical Production;<br/>1.3 Alternatives within Empire;<br/>PART 2. Passages of Sovereignty;<br/>2.1 Two Europes, Two Modernities;<br/>2.2 Sovereignty of the Nation-State;<br/>2.3 The Dialectics of Colonial Sovereignty;<br/>2.4 Symptoms of Passage;<br/>2.5 Network Power: U.S. Sovereignty and the New Empire;<br/>2.6 Imperial Sovereignty;<br/>Intermezzo: Counter-Empire<br/>PART 3. Passages of Production;<br/>3.1 The Limits of Imperialism;<br/>3.2 Disciplinary Governability;<br/>3.3 Resistance, Crisis, Transformation;<br/>3.4 Postmodernization, or The Informatization of Production;<br/>3.5 Mixed Constitution;<br/>3.6 Capitalist Sovereignty, or Administering the Global Society of Control;<br/>PART 4. The Decline and Fall of Empire;<br/>4.1 Virtualities;<br/>4.2 Generation and Corruption;<br/>4.3 The Multitude against Empire;<br/>Notes;<br/>Index.<br/> |
| 650 ## - SUBJECT ADDED ENTRY--TOPICAL TERM | |
| Topical term or geographic name entry element | Imperialism |
| 942 ## - ADDED ENTRY ELEMENTS (KOHA) | |
| Source of classification or shelving scheme | Dewey Decimal Classification |
| Koha item type | BOOKs |
| Withdrawn status | Lost status | Damaged status | Not for loan | Home library | Current library | Shelving location | Date acquired | Cost, normal purchase price | Total Checkouts | Full call number | Barcode | Date last seen | Date last checked out | Price effective from | Koha item type |
|---|---|---|---|---|---|---|---|---|---|---|---|---|---|---|---|
| NLS | NLS | 30/05/2017 | 977.00 | 1 | 325.32 HAR | 21370 | 02/08/2024 | 24/07/2024 | 30/05/2017 | BOOKs |